000 00496 a2200145 4500
005 20250714162145.0
020 _a978-9987-08-037-3
082 _a343.41 TAN
245 _aTanzania Tax Law Reports 2002 Volume 1
260 _aDar es salaam,
_bMkuki na Nyota Publishers Limited,
_c2002.
300 _aix, 195p.:
_bReferences.
_c26cm.
700 _aKIBUTA, O, LUOGA, F. D, BELEKO, J. & MWAIKUSA, J. T.
856 _yAccess online book
_fTanzania Tax Law Reports
_dwww.mkukinanyota.com
942 _2ddc
_cBKS
999 _c6687
_d6687